Word Puzzle #1 - Statistics

General Stats
  • This quiz has been taken 25 times
  • The average score is 9 of 18
Answer Stats
Clue Word % Correct
What most people live in House
96%
What lumberjacks use to cut trees Axe
91%
What cars run on Gas
91%
Red, Capsian, Black, Caribbean, Mediterranean Sea
91%
Men do this for facial hair Shave
83%
What superheroes do Save
78%
A pirate´s way of saying hello Ahoy
74%
A tool used for farming Hoe
74%
The opposite of light Heavy
70%
A long journey Voyage
61%
2+2 is super... Easy
43%
A type of magazine Vogue
26%
Push-ups, Plank, Sit ups, Jogging Yoga
17%
Another word for prank Hoax
13%
The name of the trex skeleton at the field museum in Chicago, Illinois Sue
13%
A creature with blue skin and gray wings in Minecraft Vex
13%
What size do you need Shoe
9%
Conserve Power Usage
4%
No matching quizzes found
Score Distribution
Percent of People with Each Score
Percentile by Number Answered
Your Score History
You have not taken this quiz